| 000 | 00000nas##2200000za#4500 |
| 001 | 9.514010 |
| 003 | CaOODSP |
| 005 | 20200331215752 |
| 007 | ta |
| 008 | 150406c2004||||xxc|| p #||||f| |0fre|d |
| 040 | |aCaOODSP|bfre |
| 043 | |an-cn--- |
| 086 | 1 |aH110F |
| 110 | 1 |aCanada.|bSanté Canada. |bAgence de réglementation de la lutte antiparasitaire. |
| 245 | 10|aAgence de réglementation de la lutte antiparasitaire - rapport annuel |
| 260 | |aOttawa - Ontario : |bSanté Canada. |
| 310 | |aAnnuel |
| 362 | 1 |a[2004]-- |
| 520 | 3 |aRenferme une brève description des faits saillants de l’exercice et de la nature de l’ARLA. |
| 563 | |aCouverture souple |
| 775 | 08|tPest Management Regulatory Agency - annual report |w(CaOODSP)9.515688 |
| 776 | 0#|tRapport annuel |w(CaOODSP)9.502389 |